[Event "Bad Wörishofen op 2012 28th"]
[Site "Bad Wörishofen (2.3.-10.3)"]
[Date "2012.03.10"]
[Round "9.18"]
[White "Fehr, Axel Dr"]
[Black "Glantz, Robert"]
[Result "1/2-1/2"]
[WhiteElo "2132"]
[BlackElo "2248"]
[PlyCount "140"]
[EventDate "2012.03.??"]
[EventType "swiss"]
[EventRounds "9"]
[EventCountry "GER"]
[SourceDate "2013.02.18"]
[WhiteTeam "SUI/Chur SC(Brackweder SK)"]
[BlackTeam "Berlin 1903 Sfrd."]
[WhiteTeamCountry "SUI"]

1. c4 Nf6 2. g3 e5 3. Bg2 c6 4. d4 e4 5. Nc3 d5 6. cxd5 cxd5 7. Bg5 Bb4 8. Nh3
Bxc3+ 9. bxc3 Nbd7 10. O-O O-O 11. c4 h6 12. Bxf6 Nxf6 13. cxd5 Qxd5 14. Nf4
Qd6 15. f3 Bf5 16. fxe4 Nxe4 17. g4 Bh7 18. e3 Rac8 19. Rc1 Qa3 20. Nd5 Rcd8
21. Qb3 Qd6 22. Bxe4 Bxe4 23. Nf4 Kh7 24. Rc5 Qd7 25. h3 b6 26. Re5 Rde8 27.
Qc4 Rxe5 28. dxe5 Ba8 29. Qc2+ Kg8 30. Rd1 Qe7 31. Qc3 Re8 32. e6 fxe6 33. Nh5
e5 34. Rf1 Qb7 35. Qc4+ Kh8 36. e4 Qxe4 37. Qxe4 Bxe4 38. Rf7 a5 39. Rxg7 Bb1
40. a3 e4 41. Rg6 e3 42. Rxh6+ Kg8 43. Nf6+ Kg7 44. Nxe8+ Kxh6 45. Nf6 Ba2 46.
h4 b5 47. Ne4 Bc4 48. Nc5 Be2 49. g5+ Kh5 50. Kg2 Kxh4 51. g6 Bc4 52. Kf3 e2
53. Kf2 Kg5 54. g7 Kf4 55. g8=Q Bxg8 56. Kxe2 Bc4+ 57. Kd2 Ke5 58. Nb7 a4 59.
Nc5 Kd5 60. Nxa4 bxa4 61. Kc1 Kd4 62. Kb2 Bb3 63. Ka1 Kc3 64. Kb1 Bc2+ 65. Ka1
Bd1 66. Ka2 Kc2 67. Ka1 Kb3 68. Kb1 Bc2+ 69. Ka1 Bd1 70. Kb1 Kxa3 1/2-1/2

[Event "Bad Wörishofen op 2012 28th"]
[Site "Bad Wörishofen (2.3.-10.3)"]
[Date "2012.03.10"]
[Round "9.22"]
[White "Pfretzschner, Roland"]
[Black "Sibler, Sebastian"]
[Result "1/2-1/2"]
[WhiteElo "2166"]
[BlackElo "1895"]
[PlyCount "141"]
[EventDate "2012.03.??"]
[EventType "swiss"]
[EventRounds "9"]
[EventCountry "GER"]
[SourceDate "2013.02.18"]
[WhiteTeam "Plauen König SK"]
[BlackTeam "Mülheim-Nord SV"]

1. e4 d5 2. exd5 Qxd5 3. Nc3 Qd6 4. Bc4 Be6 5. Bxe6 Qxe6+ 6. Nge2 c6 7. O-O Nf6
8. b3 g6 9. Ng3 Bg7 10. Ba3 Qd7 11. Re1 e6 12. Nge4 Nxe4 13. Nxe4 Na6 14. Nd6+
Kd8 15. Rb1 c5 16. Ne4 Rc8 17. Re3 Qc6 18. Qg4 Rc7 19. Rd3+ Rd7 20. Qg5+ Kc8
21. Rxd7 Qxd7 22. Nxc5 Nxc5 23. Qxc5+ Kb8 24. Qd6+ Qxd6 25. Bxd6+ Kc8 26. Bc5
Rd8 27. Be3 Bd4 28. d3 Bxe3 29. fxe3 Kc7 30. Kf2 Kc6 31. e4 Kc5 32. b4+ Kd4 33.
Ke2 Rc8 34. Kd2 b5 35. Rf1 f5 36. exf5 gxf5 37. Rf3 Rc7 38. Rg3 e5 39. Rg8 e4
40. Rd8+ Ke5 41. g3 e3+ 42. Kxe3 Rxc2 43. Rb8 a6 44. Re8+ Kf6 45. a3 Ra2 46.
Rh8 Kg7 47. Rd8 Rxa3 48. Kf4 Ra4 49. Kxf5 Rxb4 50. Rd7+ Kg8 51. Kf6 h5 52. Rg7+
Kh8 53. Rg5 Rd4 54. Rxh5+ Kg8 55. Re5 Rxd3 56. Re6 Rd2 57. Kg6 Kf8 58. h4 Rd7
59. Rxa6 Rg7+ 60. Kf6 Rf7+ 61. Kg5 Rg7+ 62. Kf4 Rf7+ 63. Kg4 Rg7+ 64. Kh3 Rb7
65. Ra3 b4 66. Rb3 Rb5 67. g4 Kg7 68. g5 Rb6 69. Kg4 Rb5 70. h5 Kh7 71. Kf4
1/2-1/2

[Event "Bad Wörishofen op 2012 28th"]
[Site "Bad Wörishofen (2.3.-10.3)"]
[Date "2012.03.10"]
[Round "9.23"]
[White "Koenig, Falk"]
[Black "Rahls, Peter"]
[Result "1/2-1/2"]
[WhiteElo "1949"]
[BlackElo "2101"]
[PlyCount "148"]
[EventDate "2012.03.??"]
[EventType "swiss"]
[EventRounds "9"]
[EventCountry "GER"]
[SourceDate "2013.02.18"]
[WhiteTeam "Vonkeln SF"]
[BlackTeam "Berlin Zehlendorf SK"]

1. e4 c5 2. c3 e6 3. d4 d5 4. exd5 exd5 5. Nf3 Bd6 6. Bb5+ Nc6 7. dxc5 Bxc5 8.
O-O Nge7 9. Nbd2 O-O 10. Nb3 Bb6 11. Re1 Bg4 12. Be3 Nf5 13. Bxb6 Qxb6 14. Qxd5
Nce7 15. Qc5 Bxf3 16. Qxb6 axb6 17. gxf3 Nc6 18. Bxc6 bxc6 19. Nd4 Nxd4 20.
cxd4 Rfd8 21. Rec1 Rd6 22. Rc3 Kf8 23. a3 Ke7 24. Rac1 Kd7 25. Kf1 Rc8 26. Rd1
Ra8 27. b4 b5 28. Rdd3 Re8 29. Rc5 Rb8 30. d5 cxd5 31. Rdxd5 Rxd5 32. Rxd5+ Ke6
33. Rc5 f5 34. f4 g6 35. Ke2 Ra8 36. Re5+ Kd6 37. Re3 Kd5 38. Kd2 Kd6 39. Kc2
Rc8+ 40. Rc3 Re8 41. Rd3+ Kc6 42. Re3 Ra8 43. Kb3 Rd8 44. Kc3 Rc8 45. Kd4 Kd6
46. Rc3 Re8 47. Re3 Ra8 48. Rd3 Rc8 49. Ke3+ Ke6 50. Kf3 h6 51. h4 Rc1 52. Re3+
Kf6 53. Re5 Rc3+ 54. Kg2 Rxa3 55. Rxb5 Rd3 56. Rb6+ Kf7 57. b5 Rd4 58. Kg3 Rd3+
59. f3 Rd2 60. h5 gxh5 61. Rxh6 Rb2 62. b6 Rb4 63. Rc6 Ke7 64. Rc7+ Kd6 65. Rh7
Kd5 66. b7 Ke6 67. Rh6+ Kf7 68. Rh7+ Kg6 69. Rc7 h4+ 70. Kh3 Kf6 71. Rd7 Kg6
72. Re7 Kf6 73. Rc7 Kg6 74. Rc6+ Kh5 1/2-1/2

[Event "Bad Wörishofen op 2012 28th"]
[Site "Bad Wörishofen (2.3.-10.3)"]
[Date "2012.03.10"]
[Round "9.27"]
[White "Woerl, Richard"]
[Black "Roth, Martin(66)"]
[Result "1/2-1/2"]
[WhiteElo "1961"]
[BlackElo "2070"]
[PlyCount "50"]
[EventDate "2012.03.??"]
[EventType "swiss"]
[EventRounds "9"]
[EventCountry "GER"]
[SourceDate "2013.02.18"]
[WhiteTeam "Nürnberg Süd SW"]
[BlackTeam "Laupheim SC"]

1. e4 e5 2. Nf3 Nc6 3. Bc4 Bc5 4. O-O d6 5. c3 Bb6 6. b4 Qe7 7. a4 a6 8. a5 Ba7
9. b5 Nb8 10. bxa6 Nxa6 11. d4 Nf6 12. Ba3 Nd7 13. Bb5 f6 14. Re1 O-O 15. Bxa6
bxa6 16. dxe5 Nxe5 17. Nd4 Qf7 18. Qe2 Qc4 19. Qxc4+ Nxc4 20. Nc6 Re8 21. Nxa7
Rxa7 22. Bc1 d5 23. f3 Bf5 24. Ra4 Bd7 25. Ra2 Rb7 1/2-1/2

[Event "Bad Wörishofen op 2012 28th"]
[Site "Bad Wörishofen (2.3.-10.3)"]
[Date "2012.03.10"]
[Round "9.28"]
[White "Keller, Manfred(45)"]
[Black "Santl, Anton"]
[Result "1/2-1/2"]
[WhiteElo "2127"]
[BlackElo "2002"]
[PlyCount "47"]
[EventDate "2012.03.??"]
[EventType "swiss"]
[EventRounds "9"]
[EventCountry "GER"]
[SourceDate "2013.02.18"]
[WhiteTeam "Pang/Rosenheim SG"]
[BlackTeam "München SU"]

1. d4 Nf6 2. Nf3 g6 3. Nc3 Bg7 4. e4 d5 5. e5 Ne4 6. Nxe4 dxe4 7. Ng5 c5 8. c3
cxd4 9. Qxd4 Nc6 10. Qxd8+ Nxd8 11. Bb5+ Nc6 12. Nxe4 Bd7 13. Nc5 Nxe5 14.
Bxd7+ Nxd7 15. Nxb7 a5 16. Be3 Rb8 17. Nxa5 Rxb2 18. Bd4 Bxd4 19. cxd4 O-O 20.
O-O Rc8 21. a4 Nb6 22. Rfc1 Rxc1+ 23. Rxc1 Nxa4 24. Nc6 1/2-1/2

[Event "Bad Wörishofen op 2012 28th"]
[Site "Bad Wörishofen (2.3.-10.3)"]
[Date "2012.03.10"]
[Round "9.29"]
[White "Grawe, Christian(65)"]
[Black "Marian, Hartmut"]
[Result "1-0"]
[WhiteElo "2179"]
[BlackElo "1966"]
[PlyCount "79"]
[EventDate "2012.03.??"]
[EventType "swiss"]
[EventRounds "9"]
[EventCountry "GER"]
[SourceDate "2013.02.18"]
[WhiteTeam "Germering SK"]
[BlackTeam "Germering SK"]

1. e4 Nf6 2. e5 Nd5 3. c4 Nb6 4. c5 Nd5 5. Bc4 e6 6. d4 d6 7. cxd6 cxd6 8. Nf3
dxe5 9. dxe5 Bb4+ 10. Bd2 Nc6 11. O-O O-O 12. a3 Nb6 13. Ba2 Bxd2 14. Nbxd2 Ne7
15. Qe2 Nbd5 16. Rad1 Bd7 17. Bb1 Ng6 18. Qe4 Bc6 19. Qg4 Ndf4 20. Rfe1 Nd3 21.
Bxd3 Qxd3 22. Ne4 Qb3 23. h4 Rfd8 24. Rxd8+ Rxd8 25. h5 Bxe4 26. Rxe4 Ne7 27.
Qg5 Rd1+ 28. Kh2 Nf5 29. Rd4 Rxd4 30. Nxd4 Qb6 31. Nxf5 exf5 32. Qxf5 g6 33.
Qc8+ Kg7 34. h6+ Kxh6 35. Qf8+ Kg5 36. Qxf7 Qxb2 37. e6 Qb3 38. g3 Qc4 39. Qxh7
Qxe6 40. Qh4+ 1-0

[Event "Bad Wörishofen op 2012 28th"]
[Site "Bad Wörishofen (2.3.-10.3)"]
[Date "2012.03.10"]
[Round "9.30"]
[White "Stiller, Patrick Dr"]
[Black "Kretschel, Klaus"]
[Result "1-0"]
[WhiteElo "2146"]
[BlackElo "1956"]
[PlyCount "125"]
[EventDate "2012.03.??"]
[EventType "swiss"]
[EventRounds "9"]
[EventCountry "GER"]
[SourceDate "2013.02.18"]
[WhiteTeam "Ulm Post SV"]
[BlackTeam "Germering SK"]

1. c4 c5 2. g3 Nf6 3. Bg2 g6 4. Nc3 Bg7 5. Nf3 Nc6 6. O-O O-O 7. d4 cxd4 8.
Nxd4 Nxd4 9. Qxd4 d6 10. Qd3 a6 11. Be3 Bf5 12. Qd2 Qc7 13. Rac1 Rac8 14. b3
Rfe8 15. Rfd1 Qb8 16. Na4 Nd7 17. Nb6 Nxb6 18. Bxb6 Be6 19. a4 Rf8 20. a5 Rce8
21. Be4 Be5 22. Qd3 f5 23. Bf3 Qc8 24. c5 dxc5 25. Rxc5 Qb8 26. Bd5 Bf7 27. Qc4
Bd6 28. Bc7 Bxc7 29. Rxc7 b5 30. axb6 Qxb6 31. Rc6 Qb5 32. Bxf7+ Rxf7 33. Rxa6
Qxc4 34. bxc4 Rc8 35. Rc1 Rc5 36. Re6 Rg7 37. e4 Kf7 38. exf5 gxf5 39. Rb6 Rg6
40. Rb5 Rgc6 41. Rxc5 Rxc5 42. f4 h5 43. Kf2 e5 44. fxe5 Ke6 45. Ke3 Kxe5 46.
Kd3 h4 47. Re1+ Kf6 48. Rf1 hxg3 49. hxg3 Ke5 50. Re1+ Kf6 51. Kd4 Rc8 52. c5
Kg5 53. Re3 f4 54. gxf4+ Kxf4 55. Re1 Rd8+ 56. Kc4 Rd2 57. c6 Rc2+ 58. Kd5 Rd2+
59. Ke6 Rc2 60. Kd7 Rd2+ 61. Kc8 Rc2 62. c7 Kf5 63. Re8 1-0

[Event "Bad Wörishofen op 2012 28th"]
[Site "Bad Wörishofen (2.3.-10.3)"]
[Date "2012.03.10"]
[Round "9.32"]
[White "Behling, Robert"]
[Black "Spanton, Tim R"]
[Result "1-0"]
[WhiteElo "2066"]
[BlackElo "1961"]
[PlyCount "105"]
[EventDate "2012.03.??"]
[EventType "swiss"]
[EventRounds "9"]
[EventCountry "GER"]
[SourceDate "2013.02.18"]
[WhiteTeam "Augsburg Caissa SK"]
[BlackTeam "ENG/England"]
[BlackTeamCountry "ENG"]

1. c4 e6 2. Nf3 d5 3. g3 Nf6 4. Bg2 c5 5. O-O Nc6 6. b3 Be7 7. Bb2 O-O 8. d3 b6
9. e3 Bb7 10. Qe2 Re8 11. Nbd2 Qd7 12. Rfd1 Rad8 13. a3 a5 14. a4 h6 15. Rac1
Nh7 16. d4 Qc7 17. cxd5 exd5 18. Nb1 Qc8 19. Ba3 Nb4 20. dxc5 Ba6 21. Qd2 bxc5
22. Ne1 Nf6 23. Nc3 d4 24. exd4 Rxd4 25. Qb2 Red8 26. Bxb4 axb4 27. Rxd4 cxd4
28. Nb5 Qd7 29. Bc6 Qg4 30. Nd3 Ne4 31. Re1 f5 32. Qc2 Bxb5 33. axb5 Bd6 34.
Qc4+ Kh8 35. Qxd4 Bc7 36. Qe3 Ng5 37. h4 Nh3+ 38. Kf1 f4 39. Qf3 Qxf3 40. Bxf3
fxg3 41. b6 Bxb6 42. fxg3 g5 43. Nxb4 Ba5 44. Re4 Rb8 45. Nc6 Rxb3 46. Nxa5
Rxf3+ 47. Kg2 Rf5 48. Nc4 Nf2 49. Re8+ Kh7 50. Ne3 Rf7 51. h5 Nd3 52. Ng4 Ne1+
53. Rxe1 1-0

[Event "Bad Wörishofen op 2012 28th"]
[Site "Bad Wörishofen (2.3.-10.3)"]
[Date "2012.03.10"]
[Round "9.33"]
[White "Matzat, Andre"]
[Black "Valet, Richard"]
[Result "0-1"]
[WhiteElo "2024"]
[BlackElo "1938"]
[PlyCount "44"]
[EventDate "2012.03.??"]
[EventType "swiss"]
[EventRounds "9"]
[EventCountry "GER"]
[SourceDate "2013.02.18"]
[WhiteTeam "Borbeck Weiße Dame"]
[BlackTeam "Greifswalder SV"]

1. d4 Nf6 2. Bf4 d5 3. e3 e6 4. Nd2 c5 5. c3 Bd6 6. Bg3 cxd4 7. exd4 Bxg3 8.
hxg3 Nc6 9. Ngf3 Bd7 10. Bd3 Qc7 11. Qe2 O-O-O 12. O-O h5 13. b4 Rdg8 14. c4 h4
15. b5 hxg3 16. bxc6 gxf2+ 17. Rxf2 Bxc6 18. Ne5 Rh6 19. Rff1 Rgh8 20. c5 g5
21. Bb5 g4 22. Bxc6 g3 0-1

[Event "Bad Wörishofen op 2012 28th"]
[Site "Bad Wörishofen (2.3.-10.3)"]
[Date "2012.03.10"]
[Round "9.35"]
[White "Goris, Ton"]
[Black "Kannenberg, Karl-Heinz"]
[Result "1/2-1/2"]
[WhiteElo "1943"]
[BlackElo "2139"]
[PlyCount "39"]
[EventDate "2012.03.??"]
[EventType "swiss"]
[EventRounds "9"]
[EventCountry "GER"]
[SourceDate "2013.02.18"]
[WhiteTeam "NED/Niederlande"]
[BlackTeam "Kitzingen SC"]
[WhiteTeamCountry "NED"]

1. e4 d5 2. exd5 Qxd5 3. Nf3 Bg4 4. Be2 Nc6 5. d4 O-O-O 6. Be3 e5 7. Nc3 Qa5 8.
Nxe5 Bxe2 9. Qxe2 Nxe5 10. dxe5 Qxe5 11. O-O Bd6 12. f4 Qe6 13. Rae1 Bb4 14. f5
Qe7 15. Qf3 Bc5 16. f6 Nxf6 17. Qf5+ Nd7 18. Bxc5 Qxc5+ 19. Qxc5 Nxc5 20. Rxf7
1/2-1/2

[Event "Bad Wörishofen op 2012 28th"]
[Site "Bad Wörishofen (2.3.-10.3)"]
[Date "2012.03.10"]
[Round "9.37"]
[White "Daeubler, Heinrich"]
[Black "Kerber, Alfred"]
[Result "1-0"]
[WhiteElo "2049"]
[BlackElo "1865"]
[PlyCount "59"]
[EventDate "2012.03.??"]
[EventType "swiss"]
[EventRounds "9"]
[EventCountry "GER"]
[SourceDate "2013.02.18"]
[WhiteTeam "Amberg Siemens SG"]
[BlackTeam "AUT/Reutte SK"]
[BlackTeamCountry "AUT"]

1. d4 b5 2. c3 e6 3. Qb3 a6 4. e4 Bb7 5. Bd3 f5 6. d5 fxe4 7. Bxe4 Nf6 8. Bg5
Bc5 9. Bxf6 Qxf6 10. Nf3 exd5 11. Bxd5 Nc6 12. O-O O-O-O 13. Nbd2 Bb6 14. a4 b4
15. cxb4 Nd4 16. Bxb7+ Kxb7 17. Nxd4 Bxd4 18. Ne4 Qb6 19. Rad1 d5 20. a5 Qc6
21. Ng5 Qf6 22. Nf3 Bxb2 23. b5 Qc3 24. Qa2 Qa3 25. Qb1 Bc3 26. bxa6+ Kxa6 27.
Qd3+ Ka7 28. Nd4 Kb7 29. Rb1+ Kc8 30. Qa6+ 1-0

[Event "Bad Wörishofen op 2012 28th"]
[Site "Bad Wörishofen (2.3.-10.3)"]
[Date "2012.03.10"]
[Round "9.38"]
[White "Mattes, Heinz Dr"]
[Black "Neumann, Joachim(43)"]
[Result "1-0"]
[WhiteElo "1948"]
[BlackElo "2015"]
[PlyCount "69"]
[EventDate "2012.03.??"]
[EventType "swiss"]
[EventRounds "9"]
[EventCountry "GER"]
[SourceDate "2013.02.18"]
[WhiteTeam "München Siemens SK"]
[BlackTeam "Neumünster Agon SC"]

1. d4 c5 2. d5 g6 3. c4 Bg7 4. Nc3 d6 5. e3 Nf6 6. h3 O-O 7. Bd3 e6 8. Nf3 exd5
9. cxd5 Na6 10. O-O Nc7 11. e4 a6 12. a4 Bd7 13. Bf4 Qe7 14. Re1 Rfe8 15. Qb3
b5 16. axb5 Nxb5 17. e5 dxe5 18. Nxe5 Qd8 19. Nxd7 Rxe1+ 20. Rxe1 Qxd7 21. Nxb5
axb5 22. Bxb5 Qf5 23. Bc6 Rf8 24. Qc4 Nh5 25. Be3 Qe5 26. Qxc5 Nf4 27. Qc4 g5
28. b4 Rd8 29. Rd1 Rd6 30. Bc5 Rh6 31. d6 Bf6 32. d7 Bd8 33. b5 g4 34. Be3 Rf6
35. Rd4 1-0

[Event "Bad Wörishofen op 2012 28th"]
[Site "Bad Wörishofen (2.3.-10.3)"]
[Date "2012.03.10"]
[Round "9.41"]
[White "Urban, Rudolf"]
[Black "Guenther, Thomas(63)"]
[Result "1/2-1/2"]
[WhiteElo "1836"]
[BlackElo "1977"]
[PlyCount "90"]
[EventDate "2012.03.??"]
[EventType "swiss"]
[EventRounds "9"]
[EventCountry "GER"]
[SourceDate "2013.02.18"]
[WhiteTeam "München RTA"]
[BlackTeam "Berlin Lichtenrade SC"]

1. d4 Nf6 2. Nf3 g6 3. c4 Bg7 4. Nc3 d6 5. Bg5 h6 6. Bh4 g5 7. Bg3 Bf5 8. e3
Nbd7 9. Bd3 Bxd3 10. Qxd3 c5 11. O-O Nh5 12. Rfe1 Nxg3 13. hxg3 O-O 14. d5 f5
15. Ne2 Qe8 16. Rab1 Qh5 17. e4 f4 18. gxf4 gxf4 19. Kf1 Qh1+ 20. Neg1 Be5 21.
Ke2 Qh5 22. Kd2 Bg7 23. b3 a6 24. Ne2 Ne5 25. Nxe5 Qxe5 26. Ng1 Qg5 27. Qf3 b5
28. Ne2 b4 29. Rh1 Qf6 30. Rh5 e6 31. Qg4 f3 32. gxf3 Qxf3 33. Qxe6+ Kh7 34.
Rf5 Rxf5 35. Qxf5+ Qxf5 36. exf5 Rf8 37. Ng3 Be5 38. Ne4 Rxf5 39. Ke3 Bd4+ 40.
Ke2 Be5 41. Rg1 a5 42. f3 Rf7 43. Rg4 Rf4 44. Ke3 Rxg4 45. fxg4 Kg6 1/2-1/2

[Event "Bad Wörishofen op 2012 28th"]
[Site "Bad Wörishofen (2.3.-10.3)"]
[Date "2012.03.10"]
[Round "9.42"]
[White "De Luna Butz, Alberto"]
[Black "Mircoli, Filippo"]
[Result "1-0"]
[WhiteElo "1663"]
[BlackElo "1491"]
[PlyCount "82"]
[EventDate "2012.03.??"]
[EventType "swiss"]
[EventRounds "9"]
[EventCountry "GER"]
[SourceDate "2013.02.18"]
[WhiteTeam "ESP/Spanien"]
[BlackTeam "ITA/Italien"]
[WhiteTeamCountry "ESP"]
[BlackTeamCountry "ITA"]

1. d4 e6 2. Bf4 Nf6 3. e3 d5 4. Nf3 Bd6 5. Bg5 Nbd7 6. c4 c6 7. Nc3 h6 8. Bh4
Qc7 9. c5 Be7 10. Bg3 Qd8 11. h3 b6 12. b4 bxc5 13. bxc5 Ne4 14. Nxe4 dxe4 15.
Nd2 f5 16. Qh5+ Kf8 17. Bc4 Nf6 18. Qe2 Nd5 19. O-O Kg8 20. Rfc1 Kh7 21. Ba6
Qa5 22. Bxc8 Rhxc8 23. Nb3 Qb5 24. Qc2 a6 25. a4 Qb7 26. Nd2 Bd8 27. Rab1 Qe7
28. Nc4 Bc7 29. Bxc7 Rxc7 30. Nb6 Raa7 31. Nxd5 exd5 32. Rb6 Qd7 33. Rcb1 Ra8
34. R1b2 g5 35. Qb1 f4 36. Rb8 Rxb8 37. Rxb8 f3 38. Kh2 h5 39. g3 Kg6 40. Qb6
Rc8 41. Rb7 Rc7 1-0

[Event "Bad Wörishofen op 2012 28th"]
[Site "Bad Wörishofen (2.3.-10.3)"]
[Date "2012.03.10"]
[Round "9.43"]
[White "Auschkalnis, Reinhard"]
[Black "Remensberger, Paul"]
[Result "0-1"]
[WhiteElo "1696"]
[BlackElo "2122"]
[PlyCount "96"]
[EventDate "2012.03.??"]
[EventType "swiss"]
[EventRounds "9"]
[EventCountry "GER"]
[SourceDate "2013.02.18"]
[WhiteTeam "Bonn Beuel SC"]
[BlackTeam "SUI/Schweiz"]
[BlackTeamCountry "SUI"]

1. e4 e6 2. d4 d5 3. e5 c5 4. c3 Nc6 5. Nf3 Bd7 6. Bd3 f6 7. O-O Qc7 8. Re1
O-O-O 9. a3 fxe5 10. dxe5 c4 11. Bf1 Bc5 12. Be3 Bxe3 13. Rxe3 Nge7 14. Nbd2
Rhf8 15. b3 Na5 16. Nd4 Nf5 17. Nxf5 Rxf5 18. bxc4 dxc4 19. Qe2 Rdf8 20. f3 Kb8
21. Rb1 Qc5 22. Kh1 Qxa3 23. Nxc4 Nxc4 24. Qxc4 Rc8 25. Qa6 Qxa6 26. Bxa6 Rc7
27. Bd3 Rxc3 28. Bxf5 Rxe3 29. Be4 Bb5 30. Kg1 a6 31. Rd1 Kc7 32. g4 h6 33. Kf2
Re2+ 34. Kg3 Bc6 35. Rc1 a5 36. h4 a4 37. Kf4 a3 38. Bd3 Rb2 39. Ra1 Rb3 40.
Be4 Bxe4 41. Kxe4 b5 42. f4 b4 43. f5 Kd7 44. f6 g5 45. Rd1+ Ke8 46. Rd6 a2 47.
Rb6 a1=Q 48. Rb8+ Kd7 0-1

[Event "Bad Wörishofen op 2012 28th"]
[Site "Bad Wörishofen (2.3.-10.3)"]
[Date "2012.03.10"]
[Round "9.44"]
[White "Straub, Hermann"]
[Black "Guttenthaler, Franz"]
[Result "0-1"]
[WhiteElo "1916"]
[BlackElo "2153"]
[PlyCount "126"]
[EventDate "2012.03.??"]
[EventType "swiss"]
[EventRounds "9"]
[EventCountry "GER"]
[SourceDate "2013.02.18"]
[WhiteTeam "Frankenthal(Pfalz) SK"]
[BlackTeam "Germering SK"]

1. b3 c5 2. Bb2 d5 3. e3 Nf6 4. f4 g6 5. Nf3 Bg7 6. Be2 O-O 7. O-O Nc6 8. Ne5
Qc7 9. Nxc6 Qxc6 10. Bf3 Be6 11. Be5 Rad8 12. d3 b5 13. Nd2 Qd7 14. Qe2 d4 15.
e4 Rc8 16. Rad1 Rfd8 17. h3 h5 18. Bxf6 Bxf6 19. Bxh5 gxh5 20. f5 h4 21. Qg4+
Kh7 22. Qh5+ Kg7 23. Qg4+ Kh6 24. fxe6 fxe6 25. Nf3 e5 26. Nh2 Qxg4 27. Nxg4+
Kg7 28. Rf5 Rh8 29. Rdf1 Rcf8 30. Nxe5 e6 31. Rxf6 Rxf6 32. Rc1 Rc8 33. c3 Rff8
34. Nf3 dxc3 35. Rxc3 Rfd8 36. Ne1 Kf6 37. Kf2 e5 38. Ke3 Ke6 39. Rc2 Kd6 40.
Nf3 Rh8 41. Ng5 Rcf8 42. a3 a5 43. b4 cxb4 44. axb4 axb4 45. Rb2 Rh5 46. Nf3
Ra8 47. Rxb4 Kc5 48. Rb2 Ra3 49. Rc2+ Kb4 50. Rc8 Rc3 51. Re8 Rc5 52. d4 Rc3+
53. Kd2 exd4 54. Nxd4 Rg5 55. Nc2+ Kb3 56. Ne1 Rcc5 57. Rh8 Rh5 58. Rf8 b4 59.
Rf3+ Rc3 60. Nd3 Ra5 61. Rf8 Ra2+ 62. Ke3 Rxg2 63. Rd8 Kc2 0-1

[Event "Bad Wörishofen op 2012 28th"]
[Site "Bad Wörishofen (2.3.-10.3)"]
[Date "2012.03.10"]
[Round "9.45"]
[White "Bartels, Holger"]
[Black "Bauder, Herbert"]
[Result "1/2-1/2"]
[WhiteElo "2046"]
[BlackElo "1838"]
[PlyCount "48"]
[EventDate "2012.03.??"]
[EventType "swiss"]
[EventRounds "9"]
[EventCountry "GER"]
[SourceDate "2013.02.18"]
[WhiteTeam "Hamburg Diogenes SC"]
[BlackTeam "Berlin Lasker Steglitz SG"]

1. e4 c5 2. Nf3 Nc6 3. d4 cxd4 4. Nxd4 Nf6 5. Nc3 e5 6. Ndb5 d6 7. Nd5 Nxd5 8.
exd5 Nb8 9. c4 Be7 10. Be2 O-O 11. O-O Nd7 12. Be3 b6 13. f4 a6 14. Nc3 f5 15.
fxe5 Nxe5 16. Qd2 Bf6 17. Rac1 Bd7 18. b3 g5 19. g3 Rb8 20. a4 Qe7 21. Kh1 Rfe8
22. Rce1 Qg7 23. Na2 a5 24. Rd1 g4 1/2-1/2

[Event "Bad Wörishofen op 2012 28th"]
[Site "Bad Wörishofen (2.3.-10.3)"]
[Date "2012.03.10"]
[Round "9.46"]
[White "Stull, Norbert"]
[Black "Klaus, Daniel(64)"]
[Result "1/2-1/2"]
[WhiteElo "1912"]
[BlackElo "1894"]
[PlyCount "57"]
[EventDate "2012.03.??"]
[EventType "swiss"]
[EventRounds "9"]
[EventCountry "GER"]
[SourceDate "2013.02.18"]
[WhiteTeam "FRA/Frankreich Differdange"]
[BlackTeam "Möglingen SF"]
[WhiteTeamCountry "FRA"]

1. d4 d5 2. c4 c6 3. Nf3 Nf6 4. Nc3 e6 5. e3 Bd6 6. Bd3 Nbd7 7. e4 dxe4 8. Nxe4
Nxe4 9. Bxe4 Nf6 10. Bc2 b6 11. O-O O-O 12. Bg5 Be7 13. Qd3 g6 14. Ne5 Bb7 15.
Qf3 Kg7 16. Rad1 Qc7 17. Qh3 Ng8 18. Bxe7 Qxe7 19. Rfe1 Nf6 20. Re3 Rad8 21. f4
Rd6 22. f5 Rh8 23. Qh4 Nd5 24. Qxe7 Nxe7 25. f6+ Kxf6 26. Rf1+ Nf5 27. g4 Rxd4
28. gxf5 gxf5 29. Be4 1/2-1/2

[Event "Bad Wörishofen op 2012 28th"]
[Site "Bad Wörishofen (2.3.-10.3)"]
[Date "2012.03.10"]
[Round "9.47"]
[White "Schiffer, Steve"]
[Black "Kluegel, Jan"]
[Result "1/2-1/2"]
[WhiteElo "1990"]
[BlackElo "1834"]
[PlyCount "72"]
[EventDate "2012.03.??"]
[EventType "swiss"]
[EventRounds "9"]
[EventCountry "GER"]
[SourceDate "2013.02.18"]
[WhiteTeam "Darmstadt Schachforum SV"]
[BlackTeam "Rendsburg VHS SV"]

1. e4 c6 2. d4 d5 3. Nc3 dxe4 4. Nxe4 Bf5 5. Ng3 Bg6 6. h4 h6 7. Nf3 Nd7 8. Bd3
Bxd3 9. Qxd3 e6 10. Bd2 Bd6 11. Ne4 Be7 12. c4 Ngf6 13. Bc3 Qc7 14. g3 O-O 15.
O-O-O Rfd8 16. Kb1 b5 17. Nxf6+ Nxf6 18. Ne5 a5 19. cxb5 cxb5 20. Qxb5 Rd5 21.
Qc4 Qb7 22. Rhe1 Rc8 23. Qd3 Rb5 24. Ka1 Nd5 25. Rc1 Rb8 26. Nc4 Nb4 27. Bxb4
axb4 28. b3 Ra8 29. Rc2 Rd5 30. f4 Qa7 31. Kb1 Rxd4 32. Qe2 Bf6 33. Ne5 Bxe5
34. Qxe5 Rad8 35. Rec1 Rd1 36. Qe2 Rxc1+ 1/2-1/2

[Event "Bad Wörishofen op 2012 28th"]
[Site "Bad Wörishofen (2.3.-10.3)"]
[Date "2012.03.10"]
[Round "9.48"]
[White "Schweizer, Manfred(59)"]
[Black "Santos, Paulo"]
[Result "1-0"]
[WhiteElo "2004"]
[BlackElo "1690"]
[PlyCount "81"]
[EventDate "2012.03.??"]
[EventType "swiss"]
[EventRounds "9"]
[EventCountry "GER"]
[SourceDate "2013.02.18"]
[WhiteTeam "Memmingen Post SV"]
[BlackTeam "Lechhausen SC"]

1. Nf3 Nf6 2. g3 g6 3. Bg2 Bg7 4. O-O O-O 5. d4 d5 6. c4 c6 7. Ne5 Nbd7 8. Nc3
dxc4 9. Nxc4 Nb6 10. Ne5 Be6 11. e4 Nfd7 12. f4 f6 13. f5 Nxe5 14. fxe6 Nec4
15. b3 Nd6 16. Be3 Rc8 17. a4 f5 18. a5 Na8 19. e5 Nb5 20. Nxb5 cxb5 21. Bxb7
Rc3 22. Qd2 Qc7 23. Bg2 Rc8 24. Rfc1 Rxc1+ 25. Rxc1 Qxc1+ 26. Qxc1 Rxc1+ 27.
Bxc1 Nc7 28. Be3 a6 29. Bf4 h6 30. h4 Kf8 31. d5 g5 32. hxg5 hxg5 33. Bxg5 Bxe5
34. Bf4 Bxf4 35. gxf4 Ne8 36. Kf2 Nd6 37. Ke3 Nb7 38. b4 Kg7 39. Kd4 Kf6 40.
Bf1 Kg6 41. Bxb5 1-0

[Event "Bad Wörishofen op 2012 28th"]
[Site "Bad Wörishofen (2.3.-10.3)"]
[Date "2012.03.10"]
[Round "9.49"]
[White "Goede, Heiko"]
[Black "Kuempers, Ulrich"]
[Result "1/2-1/2"]
[WhiteElo "1750"]
[BlackElo "1946"]
[PlyCount "84"]
[EventDate "2012.03.??"]
[EventType "swiss"]
[EventRounds "9"]
[EventCountry "GER"]
[SourceDate "2013.02.18"]
[WhiteTeam "Sülz-Klettenberg SK"]
[BlackTeam "München Tarrasch SC"]

1. Nf3 c5 2. g3 Nc6 3. Bg2 g6 4. d3 Bg7 5. O-O e5 6. Nbd2 Nge7 7. e4 d6 8. c3
O-O 9. a4 h6 10. Nc4 Be6 11. Ne3 f5 12. exf5 gxf5 13. Nc2 Qd7 14. Nh4 f4 15.
gxf4 exf4 16. d4 Bh3 17. Kh1 f3 18. Bxf3 Bxf1 19. Qxf1 Qe6 20. dxc5 dxc5 21.
Be3 Qf6 22. Qc4+ Kh8 23. Bxc5 Ne5 24. Bxe7 Nxc4 25. Bxf6 Rxf6 26. Rg1 Ne5 27.
Be4 Rxf2 28. Nd4 Rf4 29. Rxg7 Rxh4 30. Rh7+ Kg8 31. Bf5 Rf8 32. Rxb7 Rh5 33.
Be6+ Kh8 34. Rxa7 Rf2 35. Ra8+ Kg7 36. Rg8+ Kh7 37. h3 Rh4 38. Rg2 Rf1+ 39. Kh2
Rhf4 40. a5 Ra1 41. Nf5 h5 42. Rg7+ Kh8 1/2-1/2